Scottish Premiership Scotland Squad - Statistics

General Stats
  • This quiz has been taken 13 times
  • The average score is 17 of 31
Answer Stats
Club Position Answer % Correct
Falkirk Goalkeeper Scott Bain
100%
Hearts Goalkeeper Craig Gordon
91%
Celtic Full Back Kieran Tierney
82%
Celtic Midfielder Callum McGregor
73%
Hearts Manager Derek McInnes
73%
Hearts Striker Lawrence Shankland
73%
Falkirk Winger Calvin Miller
64%
Rangers Center Back John Souttar
64%
Aberdeen Striker Kevin Nisbet
64%
Rangers Goalkeeper Liam Kelly
64%
Hearts Winger Blair Spittal
55%
Hearts Center Back Craig Halkett
55%
Killie Winger Findlay Curtis
55%
Celtic Winger James Forrest
55%
Hearts Midfielder Marc Leonard
55%
Hearts Center Back Stuart Findlay
55%
Falkirk Midfielder Brad Spencer
45%
Rangers Midfielder Connor Barron
45%
Killie Midfielder David Watson
45%
Motherwell Midfielder Elliot Watt
45%
Hearts Full Back Harry Milne
45%
Dundee Center Back Luke Graham
45%
Hibs Full Back Nicky Cadden
45%
Dundee Striker Simon Murray
45%
Falkirk Striker Barney Stewart
36%
Celtic Full Back Colby Donovan
36%
Aberdeen Midfielder Graeme Shinnie
36%
Hibs Center Back Grant Hanley
36%
Aberdeen Full Back Nicky Devlin
36%
St Mirren Striker Mikael Mandron
27%
Dundee Winger Scott Wright
27%
No matching quizzes found
Score Distribution
Percent of People with Each Score
Percentile by Number Answered
Your Score History
You have not taken this quiz